000
00285nam a2200109Ia 4500
008
220204s9999 xx 000 0 und d
082
_a
581.9(031)
_b
GEN
100
_a
Genders, Roy
245
0
_a
Scented flora of the world: An encyclopedia
260
_a
London
_b
Granad
_c
1978
942
_c
BK
999
_c
30457
_d
30457